| 000 | 00000nam##2200000za#4500 |
| 001 | 9.699525 |
| 003 | CaOODSP |
| 005 | 20260106135355 |
| 007 | cr ||||||||||| |
| 008 | 150407|2014||||xxc|||||o f|0| 0 eng|d |
| 020 | |a978-1-100-24629-1 |
| 040 | |aCaOODSP|beng |
| 043 | |an-cn--- |
| 086 | 1 |aM154-79/2014E-PDF |
| 110 | 2 |aCANMET Energy Technology Centre (Canada) |
| 245 | 10|aStrategic plan 2020 - Industrial Systems Optimization Group, CanmetENERGY-Varennes |h[electronic resource] |
| 260 | |aVarennes - Quebec : |bNatural Resources Canada. |cc2014. |
| 300 | |a44p.|bfigs., references, photographs |
| 590 | |a15-13|b2015-03-27 |
| 775 | 08|tPlan stratégique 2020 : |w(CaOODSP)9.643480 |
| 856 | 40|ahttp://publications.gc.ca|qPDF|s4.92 MB|uhttps://publications.gc.ca/collections/collection_2015/rncan-nrcan/M154-79-2014-eng.pdf |